Gestión humana en las organizaciones; competencias en desarrollo

שמור ב:
מידע ביבליוגרפי
Main Authors: Vigier, Hernán Pedro (Author), Pasquaré, Claudia Gabriela (Author), Menichelli, Fernando Manuel (Author), Tarayre, Carolina (Author)
פורמט: ספר
שפה:ספרדית
יצא לאור: Cuernavaca Alfaomega 2015
מהדורה:1a. ed
נושאים:
תגים: הוספת תג
אין תגיות, היה/י הראשונ/ה לתייג את הרשומה!

MARC

LEADER 00000cam a2200000 a 4500
001 UCE9904
003 CL-VaPUC
008 151112e20150000mx |||||||||||||||||spa|d
020 |a 9786076224151 
082 0 4 |a 658.315  |b VIG  |2 21 
100 0 |a Vigier, Hernán Pedro  |e author  |9 582878 
700 0 |a Pasquaré, Claudia Gabriela  |e author  |9 582879 
700 0 |a Menichelli, Fernando Manuel  |e author  |9 582880 
700 0 |a Tarayre, Carolina  |e author  |9 582881 
245 1 0 |a Gestión humana en las organizaciones; competencias en desarrollo 
250 |a 1a. ed 
300 |a 552 p 
942 |c BK 
945 |d 20151112 20:22:00  |a dcastane 
260 |a Cuernavaca  |b Alfaomega  |c 2015 
650 0 |a Relaciones humanas  |9 307340 
650 0 |a Administración del personal  |9 260442 
650 0 |a Competencias  |9 341916 
583 |a last modification  |c 20151112 20:22:00  |k Rodrigo Vera 
999 |c 361547  |d 361545 
952 |0 0  |1 0  |3 erb  |4 0  |6 658_315000000000000_VIG_2015  |7 0  |8 A  |9 472130  |a BIBENE  |b BIBENE  |i 5248930  |o 658.315 VIG 2015  |p 5248930  |r 2025-01-15  |w 2019-11-24  |y BK  |z Catalogado en:20151112  |k ICO